Normal view
MARC view
- Reclamation Institute
Entry Personal Name
001 - CONTROL NUMBER
- control field: 13481
003 - CONTROL NUMBER IDENTIFIER
- control field: NUST
005 - DATE AND TIME OF LATEST TRANSACTION
- control field: 20190125131748.0
008 - FIXED-LENGTH DATA ELEMENTS
- fixed length control field: 190125|| aca||aabn | a|a d
040 ## - CATALOGING SOURCE
- Original cataloging agency: NUST
- Transcribing agency: NUST
100 ## - HEADING--PERSONAL NAME
- Personal name: Reclamation Institute
670 ## - SOURCE DATA FOUND
- Source citation: Work cat.: (NUST): Reclamation Institute, Design of Small Dams – A water Resources Technical Publication
